Statistics for Milwaukee Bucks: Retired Numbers

Click here to take the quiz!

General Stats

  • This quiz has been taken 119 times
  • The average score is 4 of 8

Answer Stats

NumberPlayer% Correct
33Kareem Abdul-Jabbar
99%
1Oscar Robertson
89%
4Sidney Moncrief
69%
10Bob Dandridge
44%
16Bob Lanier
27%
14Jon McGlocklin
22%
2Junior Bridgeman
22%
32Brian Winters
21%

Score Distribution

Percentile by Number Answered

Percent of People with Each Score

Your Score History

You have not taken this quiz